| 000 | 01045nam a22002655a 4500 | ||
|---|---|---|---|
| 001 | ENG-90964 | ||
| 005 | 20080707005636.0 | ||
| 008 | 080908t xxu||||| |||| 00| 0 eng d | ||
| 010 | _aENG-90964 | ||
| 020 |
_a818324145X _c550.00 |
||
| 035 | _aEN-74497 | ||
| 037 | _bDBAD / PUB | ||
| 040 |
_aDPL _bEnglish |
||
| 082 | _a303.48409545 | ||
| 245 |
_aThe unrest axle : _bethno-social movements in Eastern India / _cedited by Gautam Kumar Bera. |
||
| 260 |
_aNew Delhi : _bMittal Publications, _c2008. |
||
| 300 |
_axii, 236 p. ; _c22 cm (Hb) |
||
| 504 | _aIncludes bibliographical references and index. | ||
| 650 |
_aSocial movements _zIndia. |
||
| 651 |
_aIndia _xHistory _xAutonomy and independence movements. |
||
| 651 |
_aIndia _xPolitics and government _y1947- |
||
| 700 | _aBera, Gautam Kumar | ||
| 942 |
_2ddc _cEN _mUNR _h303.48409545 |
||
| 999 |
_c15377 _d15377 |
||